[Event "Challenge"]
[Site "http://www.queenalice.com/game.php?id=1843995"]
[Date "2024.9.19"]
[Round "-"]
[White "marcomasa"]
[Black "maurice916"]
[Result "1-0"]
[WhiteElo "2060"]
[BlackElo "1785"]

1. e4 c6 2. Bc4 d5 3. exd5 cxd5 4. Bb3 Nf6 5. Nf3 Nc6 6. d4 Bg4 7. Qd3 e6 8. c3
Bf5 9. Qe3 Ke7 10. Bd2 h6 11. a4 g5 12. Na3 Bg7 13. h3 Re8 14. Ne5 Kf8 15. O-O-O
Na5 16. Ba2 b6 17. g4 Bh7 18. h4 Rc8 19. hxg5 Ne4 20. gxh6 Bxe5 21. dxe5 Nc5 22.
b4 Nab3+ 23. Kb2 Nxd2 24. bxc5 Nc4+ 25. Nxc4 bxc5 26. Nd6 Rb8+ 27. Bb3 Re7 28.
Qg5 c4 29. Qg7# 1-0

[Event "Challenge"]
[Site "http://www.queenalice.com/game.php?id=1843996"]
[Date "2024.9.19"]
[Round "-"]
[White "maurice916"]
[Black "marcomasa"]
[Result "0-1"]
[WhiteElo "1853"]
[BlackElo "2065"]

1. Nf3 Nc6 2. b3 e5 3. e4 Bc5 4. Bb2 Qe7 5. Be2 Nf6 6. O-O d6 7. d3 Bd7 8. Nc3
h6 9. h3 g5 10. Nh2 h5 11. Nd5 Qd8 12. Nxf6+ Qxf6 13. Bxh5 O-O-O 14. Bg4 Qg6 15.
Bxd7+ Rxd7 16. a3 f5 17. exf5 Qxf5 18. Qg4 Qg6 19. b4 Rh4 20. Qf3 Rf7 21. Qe2
Bb6 22. c3 Ne7 23. Kh1 Nd5 24. c4 Nf6 25. Rac1 g4 26. c5 dxc5 27. bxc5 Ba5 28.
Bxe5 Re7 29. d4 gxh3 30. g3 Rxd4 31. Qb5 Rxe5 32. Qxa5 Qe4+ 33. f3 Qe2 34. Rg1
Rd2 35. Nf1 Qxf3+ 0-1

[Event "Challenge"]
[Site "http://www.queenalice.com/game.php?id=1844014"]
[Date "2024.9.20"]
[Round "-"]
[White "Danado"]
[Black "marcomasa"]
[Result "0-1"]
[WhiteElo "1702"]
[BlackElo "2058"]

1. e4 e5 2. Nf3 Nc6 3. Nc3 Bc5 4. d3 Nf6 5. h3 d6 6. Be3 Bxe3 7. fxe3 Be6 8. d4
exd4 9. exd4 Bd7 10. a3 a6 11. Bc4 h6 12. e5 Qe7 13. Qe2 dxe5 14. dxe5 Nh7 15.
Nd5 Qd8 16. Nf4 b5 17. Bd5 O-O 18. Bxc6 Bxc6 19. O-O Re8 20. Rad1 Qc8 21. Rd2
Re7 22. c4 bxc4 23. Nd4 Bb5 24. Nxb5 axb5 25. Rc1 Qf5 26. Rcd1 Qxf4 27. Rd8+
Rxd8 28. Rxd8+ Nf8 29. Rd5 c6 30. Rd2 Rxe5 31. Qf2 Qg5 32. Rd1 Rf5 33. Qc2 Rf3
34. Kh2 Qg3+ 35. Kg1 Rd3 36. Rxd3 cxd3 37. Qd2 Ne6 38. Qf2 Qg5 39. Qe1 Nf4 40.
Qe3 Qxg2# 0-1

[Event "Challenge"]
[Site "http://www.queenalice.com/game.php?id=1844128"]
[Date "2024.9.23"]
[Round "-"]
[White "marcomasa"]
[Black "Danado"]
[Result "1-0"]
[WhiteElo "2056"]
[BlackElo "1704"]

1. e4 e5 2. Bc4 Nf6 3. Nc3 a6 4. Qe2 Bc5 5. h3 O-O 6. Nf3 d6 7. d3 Be6 8. Bxe6
fxe6 9. g4 Nc6 10. a3 d5 11. Bd2 d4 12. Na2 b6 13. Ng5 h6 14. Nxe6 Qd7 15. Nxf8
Bxf8 16. g5 hxg5 17. Bxg5 Qe6 18. Qf3 Kf7 19. Nc1 Ke7 20. Nb3 Qf7 21. O-O-O Kd7
22. Bxf6 Qxf6 23. Qg3 Nd8 24. Rdf1 Nf7 25. f4 Re8 26. fxe5 Qxe5 27. Rxf7+ Kc8
28. Qxe5 Rxe5 29. Rxf8+ 1-0

[Event "Challenge"]
[Site "http://www.queenalice.com/game.php?id=1844523"]
[Date "2024.9.30"]
[Round "-"]
[White "marcomasa"]
[Black "maurice916"]
[Result "1-0"]
[WhiteElo "2060"]
[BlackElo "2006"]

1. e4 c6 2. Bc4 d5 3. exd5 cxd5 4. Bb3 Bf5 5. Qf3 e6 6. d4 Nc6 7. c3 Nf6 8. Bd2
Be7 9. a4 Qb6 10. Qd1 O-O 11. Na3 a6 12. Ra2 Ne4 13. Bc2 Bd6 14. b4 Nxd2 15. a5
Qc7 16. Bxf5 exf5 17. Qxd2 Rae8+ 18. Ne2 Bxh2 19. g3 Bxg3 20. fxg3 Qxg3+ 21. Kd1
Qd6 22. Nf4 Re4 23. Qh2 h6 24. Rf2 Ne7 25. Qg3 Re8 26. Rg1 Qf6 27. Nh5 Qg6 28.
Qh2 Qe6 29. Nxg7 Qc6 30. Nxe8+ Kf8 31. Nd6 Re6 32. Nxf5 Qxc3 33. Qb8+ Nc8 34.
Rc2 Qf3+ 35. Kc1 Qxa3+ 36. Kb1 Qxb4+ 37. Rb2 Re1+ 38. Rxe1 Qxe1+ 39. Ka2 Qxa5+
40. Kb3 Qb5+ 41. Kc3 Qc4+ 42. Kd2 b5 43. Rc2 Qb4+ 44. Kd3 Qb3+ 45. Kd2 Qb4+ 46.
Ke2 f6 47. Rxc8+ Kf7 48. Nd6+ Kg6 49. Rg8+ Kh5 50. Qe8+ Kh4 51. Nf5+ 1-0

[Event "Challenge"]
[Site "http://www.queenalice.com/game.php?id=1844684"]
[Date "2024.10.3"]
[Round "-"]
[White "maurice916"]
[Black "marcomasa"]
[Result "1-0"]
[WhiteElo "1975"]
[BlackElo "2073"]

1. Nf3 Nc6 2. d4 d5 3. b3 Bf5 4. Bb2 Nf6 5. a3 e6 6. e3 a6 7. c4 b6 8. Ne5 Nxe5
9. dxe5 Ne4 10. cxd5 exd5 11. Nd2 Nc5 12. f4 Qd7 13. Be2 Be7 14. Nf3 h6 15. O-O
Be6 16. b4 Ne4 17. Rc1 Rh7 18. Nd4 g5 19. f5 c5 20. fxe6 fxe6 21. Bh5+ Kd8 22.
bxc5 Nxc5 23. Bc3 Ne4 24. Bg4 Nc5 25. Bb4 Qe8 26. Bxc5 Bxc5 27. Nxe6+ Ke7 28.
Qxd5 Bxe3+ 29. Kh1 Bxc1 30. Qd6# 1-0

[Event "Challenge"]
[Site "http://www.queenalice.com/game.php?id=1845306"]
[Date "2024.10.13"]
[Round "-"]
[White "maurice916"]
[Black "marcomasa"]
[Result "0-1"]
[WhiteElo "1867"]
[BlackElo "2087"]

1. Nf3 Nc6 2. b3 e5 3. d3 Nf6 4. Bb2 d6 5. e4 Bg4 6. Be2 h6 7. Nbd2 g5 8. h3 Bh5
9. g4 Bg6 10. Nh2 Bg7 11. c3 Qe7 12. Qc2 a6 13. Nhf1 Nd7 14. Ne3 Nf6 15. O-O Qe6
16. Nf5 Bxf5 17. exf5 Qe7 18. Ne4 h5 19. a3 hxg4 20. hxg4 Nxe4 21. dxe4 Qf6 22.
Bf3 Rh4 23. Qe2 Qh6 24. Bg2 O-O-O 25. f3 Rh2 26. Kf2 Qh4+ 27. Ke3 Qg3 28. Rf2 d5
29. Rd1 Qf4+ 30. Kd3 dxe4+ 31. Kc2 exf3 32. Bxf3 Rdh8 33. Rdf1 R8h3 34. Bxc6 Re3
35. Bxb7+ Kxb7 36. Qd2 Rxf2 37. Rxf2 Qe4+ 38. Kc1 Re1+ 39. Qxe1 Qxe1+ 0-1

[Event "Challenge"]
[Site "http://www.queenalice.com/game.php?id=1845455"]
[Date "2024.10.14"]
[Round "-"]
[White "marcomasa"]
[Black "Danado"]
[Result "1-0"]
[WhiteElo "2079"]
[BlackElo "1643"]

1. e4 e5 2. Bc4 Nf6 3. Nc3 Bc5 4. h3 Nc6 5. Nf3 h6 6. d3 a6 7. Qe2 Bb4 8. Bd2
Bxc3 9. Bxc3 O-O 10. g4 d6 11. g5 Nh5 12. gxh6 gxh6 13. O-O-O Nf4 14. Qf1 Kh7
15. Bd2 Qf6 16. Bxf4 Qxf4+ 17. Nd2 Rg8 18. Kb1 Rg7 19. Qe2 Nd4 20. Qf1 Qh4 21.
c3 Ne6 22. Rg1 Rxg1 23. Qxg1 Qh5 24. Qh1 Nf4 25. f3 Qxh3 26. Bxf7 Qxh1 27. Rxh1
c6 28. d4 exd4 29. cxd4 Bd7 30. Bb3 Rf8 31. Bc2 b6 32. e5+ Bf5 33. Ne4 Bxe4 34.
Bxe4+ Kg7 35. exd6 Ne6 36. Bxc6 Nxd4 37. Bb7 a5 38. Rd1 Nf5 39. d7 1-0

[Event "Challenge"]
[Site "http://www.queenalice.com/game.php?id=1845474"]
[Date "2024.10.15"]
[Round "-"]
[White "Danado"]
[Black "marcomasa"]
[Result "0-1"]
[WhiteElo "1648"]
[BlackElo "2081"]

1. e4 e5 2. d4 exd4 3. Qxd4 Nc6 4. Qc4 d6 5. Bd2 Ne5 6. Qb3 Qf6 7. Nf3 h6 8.
Nxe5 dxe5 9. Be3 Bd6 10. Qa4+ Bd7 11. Qc4 Ne7 12. Nc3 a6 13. O-O-O b5 14. Qd3
O-O 15. Nd5 Nxd5 16. exd5 Bf5 17. Qc3 Bd7 18. Bc5 Qe7 19. Bxd6 Qxd6 20. Be2 Rfb8
21. Qe3 c5 22. Rhf1 Bf5 23. h3 a5 24. Qf3 Bh7 25. Bd3 Bxd3 26. Qxd3 b4 27. Qe4
a4 28. Rfe1 Rc8 29. Qxe5 Ra6 30. Qxd6 Rxd6 31. c4 bxc3 32. bxc3 Rb8 33. c4 Rdb6
34. Re2 a3 35. d6 Rb2 36. Rxb2 axb2+ 37. Kb1 Kf8 38. Rd5 Ke8 39. Rxc5 Kd7 40.
Rd5 f6 41. Rd2 f5 42. c5 g6 43. a4 Kc6 44. Rxb2 Ra8 45. d7 Kxd7 46. Rb7+ Kc6 47.
Rb6+ Kxc5 48. Rxg6 Rxa4 49. Rxh6 Re4 50. Rh5 Kb4 51. Rxf5 Kb3 52. Rc5 Re2 53. f4
Rxg2 54. f5 Rg1+ 55. Rc1 Rg2 56. f6 Rb2+ 57. Ka1 Rf2 58. Rc6 Rf1+ 0-1

[Event "Challenge"]
[Site "http://www.queenalice.com/game.php?id=1845639"]
[Date "2024.10.17"]
[Round "-"]
[White "marcomasa"]
[Black "maurice916"]
[Result "0-1"]
[WhiteElo "2110"]
[BlackElo "1837"]

1. e4 c6 2. Bc4 d5 3. exd5 cxd5 4. Bb3 Nf6 5. h3 e5 6. d4 e4 7. c4 Be6 8. c5 Be7
9. Nc3 Nc6 10. Bf4 O-O 11. Nge2 b6 12. cxb6 axb6 13. Ng3 Na5 14. Qc2 Nxb3 15.
Qxb3 h6 16. Qc2 Rc8 17. a3 b5 18. Qb3 b4 19. axb4 Qb6 20. Nge2 Bxb4 21. O-O Rc4
22. Na4 Qc6 23. Be5 Nd7 24. Qg3 Nxe5 25. dxe5 Be7 26. Nf4 Rxa4 27. Nh5 g6 28.
Nf6+ Kg7 29. Rac1 Qa8 30. f4 exf3 31. Rxf3 Qd8 32. Nh5+ Kh7 33. Nf6+ Bxf6 34.
Rxf6 Qb6+ 35. Kh1 Qxb2 36. Rg1 Re4 37. Rf2 Qxe5 38. Qa3 Rb8 39. Qe7 Qg7 40. Qa7
Rf8 41. Rb1 Rc4 42. Re2 Qf6 43. Rbe1 Qg7 44. Qe7 Re4 45. Rxe4 dxe4 46. Rxe4 Bf5
47. Ra4 Rc8 48. Ra7 Be6 49. Qa3 Rd8 50. Qc5 Qd4 51. Qc7 Qd1+ 52. Kh2 Qd6+ 53.
Kg1 Qxc7 54. Rxc7 Rd2 55. g4 Kg7 56. Rc3 g5 57. Re3 Bd5 58. Rc3 Kg6 59. Ra3 f6
60. Rc3 h5 61. Rg3 hxg4 62. hxg4 Be6 63. Kf1 Rd4 64. Kf2 Rxg4 65. Ra3 Rb4 66.
Rc3 Rb3 67. Rc6 Rb2+ 68. Ke3 Bf5 69. Rd6 Rb4 70. Kf2 g4 71. Kg3 Kg5 72. Rd8 Rb3+
73. Kf2 Bg6 74. Kg2 f5 75. Kf2 f4 76. Rd4 Rb2+ 77. Kg1 g3 78. Rd1 Kg4 79. Rc1
Be4 80. Kf1 f3 81. Kg1 f2+ 82. Kf1 g2# 0-1

[Event "Challenge"]
[Site "http://www.queenalice.com/game.php?id=1845729"]
[Date "2024.10.18"]
[Round "-"]
[White "jogo"]
[Black "marcomasa"]
[Result "0-1"]
[WhiteElo "1775"]
[BlackElo "2083"]

1. e4 e5 2. d4 exd4 3. Qxd4 Nc6 4. Qe3 b6 5. Bd2 Bc5 6. Qg3 Bd4 7. c3 Bf6 8. Nf3
d6 9. Bb5 Bb7 10. Na3 h5 11. h4 Nh6 12. O-O-O Qe7 13. Rde1 O-O-O 14. Nc4 Ne5 15.
Ncxe5 dxe5 16. Bg5 Qc5 17. Bf1 Qa5 18. Bxf6 Qxa2 19. Bxd8 Qa1+ 20. Kc2 Qa4+ 21.
b3 Qa2+ 22. Kc1 Rxd8 23. Qxg7 Bxe4 24. Rxe4 Qa1+ 25. Kc2 Qa2+ 26. Kc1 Qxb3 27.
Bc4 Qxc3+ 28. Kb1 Ng4 29. Qxf7 Qb4+ 30. Kc2 Qa4+ 31. Kc3 Qa3+ 32. Bb3 Nxf2 33.
Rc4 Rd3+ 34. Kc2 Qxb3+ 35. Kc1 c5 36. Nxe5 Qa3+ 37. Kc2 Qa2+ 38. Kc1 Qd2+ 39.
Kb1 Rb3+ 0-1

[Event "Challenge"]
[Site "http://www.queenalice.com/game.php?id=1845730"]
[Date "2024.10.18"]
[Round "-"]
[White "marcomasa"]
[Black "jogo"]
[Result "1-0"]
[WhiteElo "2098"]
[BlackElo "1811"]

1. d4 Nf6 2. Bf4 Nh5 3. Qd2 Nxf4 4. Qxf4 d5 5. Nc3 e6 6. a3 Bd6 7. Qd2 O-O 8.
O-O-O c6 9. Nf3 h6 10. e4 g5 11. e5 Be7 12. g4 b5 13. Kb1 Ba6 14. b4 Nd7 15. h4
Kg7 16. hxg5 Bxg5 17. Qd3 Be7 18. Rh5 Nb6 19. Be2 Rh8 20. Rdh1 Nd7 21. Qd2 Nf8
22. Rxh6 Ng6 23. Rxh8 Qxh8 24. Rxh8 Rxh8 25. Kb2 Bb7 26. Bd3 Rh3 27. Ng5 Rh2 28.
Bxg6 Kxg6 29. Qf4 Rxf2 30. Qxf2 Bxg5 31. Qh2 1-0

[Event "Challenge"]
[Site "http://www.queenalice.com/game.php?id=1846418"]
[Date "2024.10.30"]
[Round "-"]
[White "marcomasa"]
[Black "Danado"]
[Result "1-0"]
[WhiteElo "2096"]
[BlackElo "1637"]

1. e4 e5 2. Bc4 Nf6 3. Nc3 a6 4. Qf3 h6 5. Nh3 Qe7 6. d3 d6 7. Bd2 Nc6 8. Nd5
Nxd5 9. Bxd5 Nd4 10. Qd1 Bxh3 11. gxh3 c6 12. c3 cxd5 13. cxd4 exd4 14. O-O dxe4
15. Re1 d5 16. dxe4 dxe4 17. Re2 e3 18. fxe3 d3 19. Rf2 Qd7 20. Bc3 f6 21. Rf3
Be7 22. e4 O-O 23. Rxd3 Qc8 24. Rg3 Rd8 25. Qc1 Bc5+ 26. Kh1 Kf7 27. Qc2 Bf2 28.
Qxf2 Qc6 29. Qg2 g5 30. Rf3 Kg6 31. Rxf6+ Qxf6 32. Bxf6 Kxf6 33. Qf3+ Ke7 34.
Qf5 Rd6 35. Rf1 Re6 36. Qf7+ Kd6 37. Rd1+ 1-0

[Event "Challenge"]
[Site "http://www.queenalice.com/game.php?id=1846653"]
[Date "2024.11.4"]
[Round "-"]
[White "Danado"]
[Black "marcomasa"]
[Result "0-1"]
[WhiteElo "1655"]
[BlackElo "2070"]

1. e4 e5 2. Nf3 Nc6 3. Nc3 Bc5 4. Bc4 Nf6 5. h3 h6 6. d3 d6 7. Be3 Bxe3 8. fxe3
Na5 9. Qd2 Nxc4 10. dxc4 Bd7 11. Nd5 c6 12. Nxf6+ Qxf6 13. O-O-O Ke7 14. Qd3 c5
15. Rhf1 Rhf8 16. Nd2 Qe6 17. b3 a6 18. Qe2 b5 19. g4 f6 20. Nf3 b4 21. Nh4 Be8
22. Nf5+ Kf7 23. Nxd6+ Kg8 24. Nf5 a5 25. Rd6 Qf7 26. Rd2 a4 27. Nd6 Qc7 28.
Nxe8 Rfxe8 29. Rfd1 axb3 30. cxb3 Qb7 31. Qf2 Qxe4 32. Qg2 Qxe3 33. Kb1 Qg5 34.
Qd5+ Kh8 35. Qxc5 Qg6+ 36. Kb2 Reb8 37. Qg1 Qf7 38. Rd5 Qa7 39. Qxa7 Rxa7 40. a4
bxa3+ 41. Ka2 Kh7 42. Rc5 Re8 43. Rdd5 e4 44. Rd1 e3 45. Re1 Rd7 46. Kxa3 e2 0-1

[Event "Challenge"]
[Site "http://www.queenalice.com/game.php?id=1846810"]
[Date "2024.11.7"]
[Round "-"]
[White "jogo"]
[Black "marcomasa"]
[Result "0-1"]
[WhiteElo "1810"]
[BlackElo "2102"]

1. e4 e5 2. d4 exd4 3. Qxd4 Nc6 4. Qe3 b6 5. Bd2 Bc5 6. Qg3 Bd4 7. Bc3 Bxc3+ 8.
Nxc3 g6 9. O-O-O d6 10. Bc4 Nf6 11. a3 Nh5 12. Qe3 Be6 13. Bd5 Qd7 14. Bxe6 Qxe6
15. Nd5 Qc8 16. h3 O-O 17. g4 Re8 18. gxh5 Re6 19. hxg6 fxg6 20. Qc3 Qd7 21.
Nf6+ Rxf6 22. Qxf6 Rf8 23. Qh4 Qf7 24. Rd2 Qa2 25. Rd3 Ne5 26. Rb3 Nc4 27. Ne2
Qa1# 0-1

[Event "Challenge"]
[Site "http://www.queenalice.com/game.php?id=1847069"]
[Date "2024.11.12"]
[Round "-"]
[White "jogo"]
[Black "marcomasa"]
[Result "0-1"]
[WhiteElo "1871"]
[BlackElo "2105"]

1. e4 e5 2. d4 exd4 3. Qxd4 Nc6 4. Qe3 g6 5. Bc4 Na5 6. Bd3 Bg7 7. e5 Nc6 8. f4
Nh6 9. h3 O-O 10. Nf3 Re8 11. g4 d6 12. Kf2 dxe5 13. fxe5 Nxe5 14. Nxe5 Qh4+ 15.
Kg2 Rxe5 16. Qg3 Qe7 17. Bf4 Rc5 18. Re1 Qd7 19. c3 b5 20. Qe3 Bb7+ 21. Kg3 Bf8
22. Bxh6 Bxh6 23. Qxc5 Qxd3+ 24. Kf2 Qf3+ 0-1

[Event "Challenge"]
[Site "http://www.queenalice.com/game.php?id=1847259"]
[Date "2024.11.16"]
[Round "-"]
[White "jogo"]
[Black "marcomasa"]
[Result "0-1"]
[WhiteElo "1818"]
[BlackElo "2049"]

1. e4 e5 2. d4 exd4 3. Qxd4 Nc6 4. Qe3 b6 5. Qg3 Qf6 6. a3 Bc5 7. Nc3 Nge7 8.
Nd5 Nxd5 9. exd5 Qe7+ 10. Be2 Nd4 11. Qxg7 Nxc2+ 12. Kd1 Bd4 13. Qg4 d6 14. Qf4
Be5 15. Qe4 Nxa1 16. f4 Bf6 17. Nf3 Qxe4 0-1